000 00977nam a2200301 c 4500
003 BLK
005 20180420222241.0
008 180408b bul|||||r ||||||| ||bul||
010 _aKNG00056461000
040 _aBLK
041 _aENG
_cENG
080 _aАнглийски език
_b811.111
_x(075.4)
_z811.111(075.4)
700 1 _aRuse, Christina
_eавт. на том
_922987
139 _aOpportunities
_bO 65
245 1 0 _aOpportunities
_cавт. на том Christina Ruse.
_nIntermediate
_pMini-Dictionary
257 _aGBR
260 Harlow
_bLongman
_c2004
380 _a80
650 4 _aАнглийски език - учебни помагала
_9243996
653 _aанглийски език
653 _aучебни помагала
760 1 _d2004
_h80 с., 20 см
_tIntermediate Mini-Dictionary
852 _aЦб ІІ 13447
856 4 _qpdf
_u
856 4 _qpdf
_u
942 _cKNG
_n0
944 _aCR
_c09.11.2005
_kТеодора_Стоянова
944 _aED
_c12.12.2007
_k
999 _c52537
_d52537